000 00225nam a22000977a 4500
999 _c16163
_d16163
003 OSt
008 200611b ||||| |||| 00| 0 eng d
100 _aProust, Marcel
_94585
245 _aCities of the plain, Part 2
942 _cBK